| LEADER |
00760nam0a2200229 450 |
| 001 |
16844041 |
| 010 |
|
|
|a 978-2-302-09933-3
|b rel.
|d 10,95
|
| 100 |
|
|
|a 20231219d2023 u u0frey01 ba
|
| 101 |
0 |
|
|a fre
|
| 102 |
|
|
|a FR
|
| 200 |
0 |
|
|a Danger soeur baveuse
|
| 207 |
|
1 |
|a
|
| 210 |
|
|
|a Toulon
|c Soleil
|d 2023
|
| 215 |
|
|
|d 30 cm
|
| 225 |
1 |
|
|a Jeunesse
|
| 330 |
|
|
|a Une nouvelle avalanche de gags dans lesquels Tom et Nina rivalisent d'astuces pour se piéger l'un l'autre.
|
| 461 |
|
0 |
|t Les p'tits diables
|v 35
|
| 700 |
|
0 |
|a Dutto
|b Olivier
|c Illustrateur
|4 70
|
| 702 |
|
0 |
|a Bekaert
|b Benoît
|4 70
|
| 900 |
|
|
|a Bande Dessinée enfant ado
|
| 901 |
|
|
|a Accessible au prêt
|
| 995 |
|
|
|a Bibliothèque
|c Bibliothèque
|f 024024255
|h 024024255
|k BD DUT
|o p
|q j
|r az
|e Bibliothèque
|